000 00404nam a2200133 a 4500
001 000040444
005 20201002034132.0
008 130826s1977 dr 000 0 spa d
040 _aDO-SdBNP
_bspa
_cBNPHU
100 1 _aCaro Álvarez, José A.
_937866
245 1 0 _aCemíes y trigonolítos /
_cJosé A. Caro Álvarez.
260 _aBarcelona :
_bArtes Gráficas,
_c1977.
300 _a[34] p. :
_bil. ;
_c23 cm.
999 _c39934
_d39934